Leading quietly : an unorthodox guide to doing the right thing
| Main Author: | |
|---|---|
| Format: | Book |
| Published: |
Boston-mass :
Harvard business school press ,
2002
|
| Subjects: |
MARC
| LEADER | 00000cam a2200000 7i4500 | ||
|---|---|---|---|
| 001 | 0000011972 | ||
| 005 | 20050509.0 | ||
| 020 | |a 1573514878 | ||
| 040 | |a INS | ||
| 090 | 0 | 0 | |a HD57.7. |b B332 2002 |
| 100 | 1 | |a Badaracco, Joseph | |
| 245 | 1 | 0 | |a Leading quietly : |b an unorthodox guide to doing the right thing |c Joseph Badaracco |
| 260 | |a Boston-mass : |b Harvard business school press , |c 2002 | ||
| 300 | |a 201p : |b 24cm | ||
| 650 | 0 | 0 | |a Leadership |
| 999 | |a 0000012888 |b BOOK |c Open Shelf |e Default branch | ||